UM Logo

Family medical guide to health & fitness/ (Record no. 5944)

MARC details
000 -LEADER
fixed length control field 00619nam a22001817a 4500
008 - FIXED-LENGTH DATA ELEMENTS--GENERAL INFORMATION
fixed length control field 161202b xxu||||| |||| 00| 0 eng d
020 ## - INTERNATIONAL STANDARD BOOK NUMBER
International Standard Book Number 0816308136
082 ## - DEWEY DECIMAL CLASSIFICATION NUMBER
Edition number 2002
Classification number DRef 613.07
Item number H22f
100 ## - MAIN ENTRY--PERSONAL NAME
9 (RLIN) 18035
Personal name Hardinge, Mervyn G.
245 ## - TITLE STATEMENT
Title Family medical guide to health & fitness/
Statement of responsibility, etc. Mervyn G. Hardinge and Harold Shryock.
260 ## - PUBLICATION, DISTRIBUTION, ETC. (IMPRINT)
Place of publication, distribution, etc. Oshawa:
Name of publisher, distributor, etc. Pacific Press Pub.,
Date of publication, distribution, etc. c2002.
300 ## - PHYSICAL DESCRIPTION
Extent xvii, 64 pages:
Other physical details color illustrations,
Dimensions 26 cm.
500 ## - GENERAL NOTE
General note Includes glossary and index.<br/>
650 #0 - SUBJECT ADDED ENTRY--TOPICAL TERM
9 (RLIN) 18036
Topical term or geographic name as entry element Medical guide
650 #0 - SUBJECT ADDED ENTRY--TOPICAL TERM
9 (RLIN) 18037
Topical term or geographic name as entry element Health
700 ## - ADDED ENTRY--PERSONAL NAME
9 (RLIN) 18038
Personal name Shryock, Harold
Relator term Author
942 ## - ADDED ENTRY ELEMENTS (KOHA)
Source of classification or shelving scheme Dewey Decimal Classification
Koha item type Reference
Holdings
Withdrawn status Lost status Source of classification or shelving scheme Materials specified (bound volume or other part) Damaged status Not for loan Collection code Home library Current library Date acquired Total Checkouts Full call number Barcode Date last seen Price effective from Koha item type
    Dewey Decimal Classification Vol. 1     Reference UM Digos College - LIC UM Digos College - LIC 06/26/2007   DRef 613.07 H22f 2002 19091 05/15/2025 12/02/2016 Reference
    Dewey Decimal Classification Vol. 2     Reference UM Digos College - LIC UM Digos College - LIC 06/26/2007   DRef 613.07 H22f 2002 19092 05/15/2025 12/07/2016 Reference
    Dewey Decimal Classification Vol. 3     Reference UM Digos College - LIC UM Digos College - LIC 06/26/2007   DRef 613.07 H22f 2002 19093 05/15/2025 12/07/2016 Reference